Thơ văn Nguyễn Khuyến

Phân loại theo số sách nhiều nhất

Shranjeno v:
Bibliografske podrobnosti
Glavni avtor: Nguyễn Khuyến
Format: Knjiga
Jezik:Undetermined
Izdano: Hà Nội Văn học 1979
Teme:
Oznake: Označite
Brez oznak, prvi označite!
Thư viện lưu trữ: Trung tâm Học liệu Trường Đại học Cần Thơ
LEADER 00557nam a2200181Ia 4500
001 CTU_8369
008 210402s9999 xx 000 0 und d
082 |a 895.9221 
082 |b Kh527t/1979 
100 |a Nguyễn Khuyến 
245 0 |a Thơ văn Nguyễn Khuyến 
245 0 |c Nguyễn Khuyến 
260 |a Hà Nội 
260 |b Văn học 
260 |c 1979 
520 |a Phân loại theo số sách nhiều nhất 
650 |a vietnamese poetry - 19th century 
980 |a Trung tâm Học liệu Trường Đại học Cần Thơ